Poverty in Africa : a geographical approach
Αποθηκεύτηκε σε:
| Κύριος συγγραφέας: | |
|---|---|
| Μορφή: | Βιβλίο |
| Γλώσσα: | English |
| Δημοσίευση: |
London :
Belhaven,
1991
|
| Θέματα: | |
| Ετικέτες: |
Προσθήκη ετικέτας
Δεν υπάρχουν, Καταχωρήστε ετικέτα πρώτοι!
|
MARC
| LEADER | 00000nam a2200000 i 4500 | ||
|---|---|---|---|
| 001 | 1/96423 | ||
| 008 | 980804s1991 eng d | ||
| 020 | |a 1-85293-088-8 | ||
| 035 | |l 10010176 | ||
| 040 | |a GR-MY-UA |b gre |e aacr | ||
| 041 | 0 | |a eng | |
| 082 | 0 | |a 330.96 | |
| 100 | 1 | |a O'Connor, Anthony. | |
| 245 | 1 | 0 | |a Poverty in Africa : |b a geographical approach / |c Anthony O'Connor |
| 260 | |a London : |b Belhaven, |c 1991 | ||
| 300 | |a 184 p. | ||
| 504 | |a Includes bibliographical references and index | ||
| 650 | 0 | 0 | |a Poor |z Africa, Sub-Saharan. |
| 651 | 0 | |a Africa, Sub-Saharan |x Economic conditions |y 1960- | |
| 852 | |a INST |b LESVOS |e 19980804 |h 330.96 OCO |p 005100015682 |q 005100015682 |t BK |y 0 | ||
| 901 | |a BIBL-1998-2 | ||
| 909 | |a Λ |b 037154 | ||
| 922 | |a 1ΕΛΗ |b 199410 |c ΡΕΝΤΖΟΣ | ||
| 950 | |a 169-1994-09-06 | ||